00478nam a22001577a 45000050016000000100014000160200026000300350013000560370013000690820013000821000019000952450085001142600037001992700061002363000023002972010072600310.0 aENG-97042 a9788188965553c225.00 aEN-80575 bDBAD/PUB a333.8232 aVandana Shiva  aSoil not oil:bclimate change, peak oil, and food insecurity /cby Vandana Shiva aNew DelhibWomen Unlimitedc2008 aK-36, Hauz Khas Enclave, Ground FloorbNew Delhie110016 a156p.c22cm. (pbk)